An overview of rubber mixing and processing (Record no. 75500)

MARC details
000 -LEADER
fixed length control field 00252nam a22000977a 4500
100 ## - MAIN ENTRY--AUTHOR NAME
Personal name Chattopadhyay, S.
245 ## - TITLE STATEMENT
Title An overview of rubber mixing and processing
260 ## - PUBLICATION, DISTRIBUTION, ETC. (IMPRINT)
Name of publisher Rubber India, LXXVII(2): 2025. 82-86.
650 ## - SUBJECT ADDED ENTRY--TOPICAL TERM
Topical Term Rubber mixing
942 ## - ADDED ENTRY ELEMENTS (KOHA)
Koha item type Journals
Holdings
Withdrawn status Lost status Damaged status Not for loan Home library Current library Date acquired Koha item type
        RRII Library RRII Library 17/04/2025 Journals